Guess the Words Made of Flags #1 - Statistics

General Stats
  • This quiz has been taken 13 times
  • The average score is 9 of 15
Answer Stats
Hint Answer % Correct
๐Ÿ‡ฌ๐Ÿ‡ช๐Ÿ‡ณ๐Ÿ‡ฎ๐Ÿ‡บ๐Ÿ‡ธ๐Ÿ‡ช๐Ÿ‡ธ Geniuses
100%
๐Ÿ‡ง๐Ÿ‡ฆ๐Ÿ‡ธ๐Ÿ‡ฐ๐Ÿ‡ช๐Ÿ‡น Basket
82%
๐Ÿ‡น๐Ÿ‡ญ๐Ÿ‡ช๐Ÿ‡ฌ๐Ÿ‡บ๐Ÿ‡พ The guy
82%
๐Ÿ‡ฟ๐Ÿ‡ฆ๐Ÿ‡จ๐Ÿ‡ญ Zach
82%
๐Ÿ‡ฒ๐Ÿ‡ด๐Ÿ‡ป๐Ÿ‡ฎ๐Ÿ‡ณ๐Ÿ‡ฌ Moving
73%
๐Ÿ‡ฏ๐Ÿ‡ด๐Ÿ‡ฐ๐Ÿ‡ช๐Ÿ‡ท๐Ÿ‡ธ Jokers
64%
๐Ÿ‡ธ๐Ÿ‡ด๐Ÿ‡จ๐Ÿ‡จ๐Ÿ‡ช๐Ÿ‡ท Soccer
64%
๐Ÿ‡ฌ๐Ÿ‡ท๐Ÿ‡ช๐Ÿ‡ฆ๐Ÿ‡ธ๐Ÿ‡ช Grease
55%
๐Ÿ‡ฒ๐Ÿ‡ฆ๐Ÿ‡ธ๐Ÿ‡น๐Ÿ‡ช๐Ÿ‡ท๐Ÿ‡ท๐Ÿ‡ด๐Ÿ‡จ๐Ÿ‡ฐ๐Ÿ‡ช๐Ÿ‡น MasterRocket
55%
๐Ÿ‡จ๐Ÿ‡ฉ๐Ÿ‡ท๐Ÿ‡ด๐Ÿ‡ฒ๐Ÿ‡ธ CD-ROMs
45%
๐Ÿ‡ฉ๐Ÿ‡ด๐Ÿ‡ฌ๐Ÿ‡ฌ๐Ÿ‡ฎ๐Ÿ‡ช๐Ÿ‡ธ๐Ÿ‡ฆ๐Ÿ‡ท๐Ÿ‡ช๐Ÿ‡ธ๐Ÿ‡ฒ๐Ÿ‡ฆ๐Ÿ‡ฑ๐Ÿ‡ฑ๐Ÿ‡ฎ๐Ÿ‡ธ๐Ÿ‡ญ Doggies are smallish
45%
๐Ÿ‡ช๐Ÿ‡ฆ๐Ÿ‡ธ๐Ÿ‡น๐Ÿ‡ช๐Ÿ‡ท๐Ÿ‡ณ๐Ÿ‡ซ๐Ÿ‡ท๐Ÿ‡ด๐Ÿ‡ฌ๐Ÿ‡ธ Eastern Frogs
45%
๐Ÿ‡ซ๐Ÿ‡ด๐Ÿ‡ท๐Ÿ‡ช๐Ÿ‡ฆ๐Ÿ‡ท๐Ÿ‡ฒ๐Ÿ‡ธ Forearms
45%
๐Ÿ‡ญ๐Ÿ‡น๐Ÿ‡ฒ๐Ÿ‡ฑ๐Ÿ‡จ๐Ÿ‡ด๐Ÿ‡ฉ๐Ÿ‡ช HTML code
45%
๐Ÿ‡ท๐Ÿ‡ด๐Ÿ‡ฒ๐Ÿ‡ฆ๐Ÿ‡ณ๐Ÿ‡จ๐Ÿ‡ช๐Ÿ‡ท Romancer
45%
No matching quizzes found
Score Distribution
Percent of People with Each Score
Percentile by Number Answered
Your Score History
You have not taken this quiz